000 00897nam a22002177a 4500
999 _c6883
_d6883
003 AR-CdUCM
008 190319b ||||| |||| 00| 0 spa d
040 _aMUNICIPALIDAD PROVINCIAL DEL CUSCO
_cBIBLIOTECA MUNICIPAL DEL CUSCO
041 _heng
082 _a650.2004 /
_bK22
100 _aKappel, Frederick R.
_919393
245 _aLos negocios :
_bfinalidades y funciones; selección de discursos y artículos /
260 _aMéxico, D. F :
_bLimusa-Willey,
_c1967.
300 _a301 páginas ;
_c23 cm.
505 _aContenido: Una vista general del sistema Bell -- Tomado de discursos pronunciados en las juntas anuales de accionistas de la A.T.T. -- Adelantos en comunicaciones -- Cuestiones económicas y públicas -- Ciencia e ingeniería ...
650 _aNegocios
_9825
650 _aEnsayos, conferencias
_91255
650 _aDiscursos
_91511
942 _2ddc
_cLIBROS
945 _aachl